| 000 | 00345nam a2200133Ia 4500 | ||
|---|---|---|---|
| 008 | 150201s2007 xx 000 0 und d | ||
| 082 |
_a614.1 _bF07S |
||
| 100 | _aSINGHAL , S.K. | ||
| 245 | _aFORENSIC MEDICINE & JURIPNADENCE | ||
| 260 |
_bNATIONAL BOOK DEPOT. _aMUMBAI _c2007 |
||
| 300 | _a1-321 | ||
| 650 | _aFORENSIC MEDICINE | ||
| 942 |
_2ddc _cBK |
||
| 999 |
_c1457 _d1457 |
||